000
00281nam a2200121Ia 4500
005
20251222155055.0
008
251222s9999||||xx |||||||||||||| ||spa||
082
_a
REL.186
245
0
_a
Diccionario biblico abreviado
250
_a
6ta. ed.
264
_b
Verbo divino
942
_c
LIB
999
_c
37457
_d
37457